| 000 | 00417cam a22001097a 4500 | ||
|---|---|---|---|
| 008 | 180718b1974 xxu||||| |||| 00| 0 eng d | ||
| 082 | _aB136x5453 K45 | ||
| 245 |
_aA plan for Integrated Area Development of Athiyannoor and Nemom blocks in Trivandrum district, Kerala state _cby Pilot Research Project |
||
| 260 |
_aTrivandrum _bPilot Research Project _c1974 |
||
| 300 | _a171+p. | ||
| 700 | _aKerala. Pilot Research Project | ||
| 999 |
_c488986 _d488986 |
||